000 00928cam a2200253 4500
008 090401t1996 xxu||||| |||| 00| 0 eng d
020 _a185112019X
035 _a(Sirsi) u24591
041 _aeng
050 _a692.8
110 _aUnited Kingdom
_bDepartment of the Environment
_9982
245 4 _aThe use of performance bonds in government construction contracts : a report prepared by an Inter-Departmental Work Group for the Construction Sponsorship Directorate of the Department of the Environment.
260 _aLondon
_bDepartment of the Environment
_c1996
300 _a(38)p. ; 30cm.
350 _a0
650 _aADVANCE PAYMENT BONDS
650 _aBUILT ENVIRONMENT-BUILDING CONTRACT FORMS
650 _aBUILT ENVIRONMENT-BUILDING CONTRACT FORMS
650 _aPERFORMANCE BONDS
650 _aRETENTION BONDS
690 _aBUILT ENVIRONMENT-BUILDING CONTRACT FORMS
942 _n0
948 _c04/03/1997
999 _c88571
_d88571